Flagi z brakującymi elementami - Statystyki

Ogólne statystyki
  • Ten quiz został rozwiązany 255 razy
  • Średni wynik to 35 z 45
Statystyki odpowiedzi
Zagadnienie Komórka Select % Poprawnych
gwiazdę Nie
98%
gwiazdę Nie
98%
gwiazdę Nie
98%
gwiazdę Nie
94%
gwiazdę Tak
91%
gwiazdę Tak
89%
półksiężyc Nie
86%
półksiężyc Nie
86%
półksiężyc Nie
86%
napis Tak
85%
półksiężyc Nie
84%
herb Nie
84%
napis Nie
83%
herb Tak
82%
herb Nie
82%
gwiazdę Tak
81%
gwiazdę Tak
81%
półksiężyc Tak
81%
napis Nie
81%
napis Nie
81%
napis Nie
81%
herb Tak
81%
herb Tak
81%
obramowanie Nie
81%
obramowanie Nie
80%
obramowanie Nie
80%
obramowanie Nie
78%
półksiężyc Nie
77%
obramowanie Nie
77%
gwiazdę Nie
76%
półksiężyc Tak
76%
herb Nie
76%
obramowanie Tak
73%
napis Nie
72%
półksiężyc Nie
71%
półksiężyc Tak
69%
herb Tak
69%
herb Tak
69%
herb Tak
65%
obramowanie Tak
63%
napis Tak
59%
napis Tak
59%
obramowanie Nie
57%
napis Tak
46%
obramowanie Tak
45%
Nie znaleziono quizów pasujących do podanych kryteriów
Rozkład punktacji
Procent ludzi z każdym wynikiem
Percentyl według liczby udzielonych odpowiedzi
Twoja historia wyników
Nie rozwiązałeś tego quizu